000 00405nam a2200181Ia 4500
008 240510s9999 xx 000 0 und d
020 _a0008184081774
041 _aEng
082 _a650.14
082 _bT75
100 _aTHOMPSON,NEIL G.
245 0 _aJobs Interviews Success
260 _bIndia,Indiana Publishing House
260 _c2008
300 _a210 p.
942 _2ddc
942 _cLBK
999 _c29146
_d29146
945 _a1
_bMadushi Gamage
_c1
_dMadushi Gamage